000 00706nam a2200241 a 4500
001 0001-0965
003 ELIB.Books
008 140916 2010 eng
020 _a1928832598
035 _a(ELIB.Books)0001-1119
092 _a248.242
_bMad
100 _aMadrid, Pactrick.
245 _aSurprised by Truth 3
_b10 more converts explain the Biblical and Historical reasons for Becoming Catholic
260 _aKBTS; Insein
_bSophia Institute Press
_c2002
300 _a253
_c20.5 Cm
500 _aDr. Yahalaylayla
650 _aCatholic' / coverts
856 _nKBTS; Library
_uKBTS; Insein
942 _2ddc
_cBK
990 _a1
998 _cbat
_e2014-09-16
999 _c10965
_d10965